Trenerzy piłki nożnej na literę H - Statystyki

Ogólne statystyki
  • Ten quiz został rozwiązany 24 razy
  • Średni wynik to 4 z 15
Statystyki odpowiedzi
Prowadzone zespoły Odpowiedź % Poprawnych
Ajax 2017-2022 Manchester United 2022-2024 Erik ten Hag
86%
Bournemouth 2008-2011 2012-2020 Newcastle 2021- Eddie Howe
67%
Borussia Monchengladbach 1979-1987 Bayern Monachium 1987-1991 2011-2013 Real Madryt 1997-1998 Jupp Heynckes
67%
Szwajcaria 1992-1995 Inter Mediolan 1995-1997 Anglia 2012-2016 Crystal Palace 2017-2021 Roy Hodgson
48%
PSV Eindhoven 1985-1990 2002-2006 Holandia 1995-1998 Korea Południowa 2001-2002 Rosja 2006-2010 Guus Hiddink
43%
Borussia Dortmund 1991-1997 Bayern Monachium 1998-2004 Szwajcaria 2008-2014 Ottmar Hitzfeld
29%
Walia 1999-2004 Blackburn Rovers 2004-2008 Manchester City 2008-2009 Stoke 2013-2018 Mark Hughes
24%
PSG 1985-1988 Liverpool 1998-2004 Olympique Lyon 2005-2007 Gerard Houllier
19%
FC Barcelona 1958-1960 Inter Mediolan 1960-1968 AS Roma 1968-1970 Helenio Herrera
19%
Feyenoord Rotterdam 1969-1973 Club Brugge 1975-1978 Holandia 1978-1979 Hamburger SV 1981-1987 Ernst Happel
10%
Chelsea 1993-1996 Anglia 1996-1999 Tottenham 2001-2003 Glenn Hoddle
10%
Francja 1976-1984 Michel Hidalgo
10%
Niemcy 1936-1964 Sepp Herberger
5%
Wybrzeże Kości Słoniowej 2008-2010 Algieria 2011-2014 Japonia 2015-2018 Maroko 2019-2022 Vahid Halihodzic
5%
Norwegia 2003-2008 Dania 2016-2020 Age Hareide
0%
Nie znaleziono quizów pasujących do podanych kryteriów
Rozkład punktacji
Procent ludzi z każdym wynikiem
Percentyl według liczby udzielonych odpowiedzi
Twoja historia wyników
Nie rozwiązałeś tego quizu